[Event "Cracovia 2009"]
[Site "Krakow"]
[Date "2009.12.27"]
[Round "1.1"]
[White "Zubov, Alexander"]
[Black "Zysko, Jan"]
[Result "1-0"]
[WhiteElo "2581"]
[BlackElo "2205"]
[PlyCount "55"]
[EventDate "2009.??.??"]

1. d4 d5 2. c4 c6 3. Nf3 Nf6 4. Qc2 dxc4 5. Qxc4 b5 6. Qc2 e6 7. e4 Bb7 8. Bd3
Nbd7 9. O-O a6 10. a4 Rc8 11. Qe2 Be7 12. Nc3 b4 13. e5 bxc3 14. exf6 Nxf6 15.
bxc3 a5 16. Rb1 Ba8 17. c4 c5 18. d5 exd5 19. Bf5 Rb8 20. Rxb8 Qxb8 21. Re1 Qd8
22. cxd5 Bxd5 23. Qb5+ Kf8 24. Ne5 Kg8 25. Bg5 h6 26. Bxf6 gxf6 27. Nd7 Kg7 28.
Qd3 1-0

[Event "Cracovia 2009"]
[Site "Krakow"]
[Date "2009.12.27"]
[Round "1.2"]
[White "Warakomska, Anna"]
[Black "Dziuba, Marcin"]
[Result "0-1"]
[WhiteElo "2189"]
[BlackElo "2573"]
[PlyCount "68"]
[EventDate "2009.??.??"]

1. e4 c6 2. d4 d5 3. Nd2 dxe4 4. Nxe4 Bf5 5. Ng3 Bg6 6. Bc4 e6 7. N1e2 Bd6 8.
h4 h6 9. Nf4 Bxf4 10. Bxf4 Nf6 11. Qe2 O-O 12. h5 Bh7 13. O-O-O Nbd7 14. Kb1
Nd5 15. Bd2 b5 16. Bd3 Bxd3 17. Qxd3 c5 18. dxc5 Nxc5 19. Qf3 Rc8 20. Rhe1 Qc7
21. Rc1 Na4 22. Ne2 Qe7 23. b3 Nab6 24. Nc3 Rc5 25. g4 Rfc8 26. Ne4 R5c6 27. g5
Qa3 28. c3 Nc4 29. bxc4 bxc4 30. Rc2 Rb6+ 31. Ka1 Nb4 32. Rb2 Nd3 33. Rxb6 axb6
34. Rb1 Qxa2+ 0-1

[Event "Cracovia 2009"]
[Site "Krakow"]
[Date "2009.12.27"]
[Round "1.4"]
[White "Mucha, Roman"]
[Black "Czarnota, Pawel"]
[Result "1/2-1/2"]
[WhiteElo "2185"]
[BlackElo "2528"]
[PlyCount "193"]
[EventDate "2009.??.??"]

1. d4 Nf6 2. c4 g6 3. Nc3 Bg7 4. e4 d6 5. Be2 O-O 6. Bg5 c5 7. d5 h6 8. Be3 a6
9. Qd2 Kh7 10. f3 b5 11. cxb5 axb5 12. Bxb5 Ba6 13. Bxa6 Rxa6 14. Nge2 Nbd7 15.
O-O Qa8 16. Rab1 Nb6 17. b3 Nfd7 18. Kh1 Rc8 19. f4 Ra3 20. f5 g5 21. h4 gxh4
22. f6 Bxf6 23. Rf5 Rg8 24. Rh5 Rg6 25. Bxh6 Kg8 26. Bg5 Bxg5 27. Rxg5 Ne5 28.
Rxg6+ Nxg6 29. Qg5 Nd7 30. Rf1 Nde5 31. Nf4 Qc8 32. Nxg6 Nxg6 33. Qc1 Ra8 34.
Rf5 Qf8 35. a4 Qg7 36. Nb5 Qh7 37. Kh2 Qg7 38. Kh1 Rb8 39. Qf1 Ne5 40. Qf4 Ng6
41. Qf1 Rf8 42. Qc1 Ra8 43. Qf1 Ne5 44. Qf4 c4 45. Qe3 cxb3 46. Qxb3 Ng4 47.
Qc3 Qxc3 48. Nxc3 Ne5 49. Rg5+ Ng6 50. Rf5 Rc8 51. Rf3 Ne5 52. Rh3 Rc4 53. a5
Rc5 54. Ne2 Rxa5 55. Rxh4 Ra4 56. Ng3 Kg7 57. Kh2 Ra2 58. Rf4 Ng6 59. Rf1 e6
60. dxe6 fxe6 61. Nh5+ Kh6 62. Nf4 Nxf4 63. Rxf4 Kg5 64. Rf3 Re2 65. Rd3 Kf4
66. Rxd6 e5 67. Rf6+ Kxe4 68. Kg3 Ke3 69. Ra6 Rd2 70. Ra3+ Ke2 71. Ra4 Rd3+ 72.
Kh2 Ke3 73. Kg3 e4 74. Kg4 Rd4 75. Ra2 Rd8 76. Ra3+ Kf2 77. Ra2+ Ke3 78. Ra3+
Rd3 79. Ra4 Rb3 80. Kf5 Rb5+ 81. Kf6 Kf4 82. g3+ Kf3 83. g4 Kf4 84. Rc4 Rd5 85.
Ra4 Rd6+ 86. Kf7 Ke5 87. Ra5+ Kf4 88. Ra4 Rd5 89. Kf6 Kf3 90. g5 e3 91. Ra3 Kf4
92. Ra4+ Kf3 93. Ra3 Ke4 94. Rxe3+ Kxe3 95. g6 Rd6+ 96. Kf7 Rxg6 97. Kxg6
1/2-1/2

[Event "Cracovia 2009"]
[Site "Krakow"]
[Date "2009.12.27"]
[Round "1.6"]
[White "Veltkamp, Gerben"]
[Black "Sharapov, Evgeny"]
[Result "0-1"]
[WhiteElo "2166"]
[BlackElo "2521"]
[PlyCount "80"]
[EventDate "2009.??.??"]

1. d4 Nf6 2. c4 c5 3. d5 b5 4. cxb5 a6 5. Nc3 axb5 6. e4 b4 7. Nb5 d6 8. Nf3
Bg4 9. h3 Bxf3 10. Qxf3 Nbd7 11. Bf4 Ra5 12. a4 g6 13. g4 Bg7 14. Bg2 Nb6 15.
O-O O-O 16. b3 Nfd7 17. Rad1 Ne5 18. Qe3 Qd7 19. Bxe5 Bxe5 20. f4 Bg7 21. e5
Nxa4 22. bxa4 Rxa4 23. Nd4 cxd4 24. Rxd4 Qa7 25. Re1 b3 26. Rd2 Rb8 27. Rb2 g5
28. fxg5 Bxe5 29. Qxa7 Rxa7 30. Rbb1 b2 31. Be4 Rb3 32. Kg2 Ra1 33. Rbd1 Rg3+
34. Kf2 Rxh3 35. Bb1 Ra4 36. Rh1 Rf4+ 37. Ke2 Rxh1 38. Rxh1 Rxg4 39. Bxh7+ Kg7
40. Rh5 Rg1 0-1

[Event "Cracovia 2009"]
[Site "Krakow"]
[Date "2009.12.27"]
[Round "1.7"]
[White "Cyborowski, Lukasz"]
[Black "Kireev, Andrey"]
[Result "1-0"]
[WhiteElo "2517"]
[BlackElo "2163"]
[PlyCount "65"]
[EventDate "2009.??.??"]

1. Nf3 d6 2. d4 Nf6 3. c4 Nbd7 4. Nc3 e5 5. e4 Be7 6. Be2 O-O 7. O-O c6 8. Be3
a6 9. d5 cxd5 10. cxd5 b5 11. Nd2 Bb7 12. b4 Nxe4 13. Ndxe4 f5 14. a4 bxa4 15.
Nc5 dxc5 16. d6 Bf6 17. Bxc5 e4 18. Rxa4 Kh8 19. Nd5 Be5 20. f4 exf3 21. Bxf3
Qh4 22. g3 Bxg3 23. hxg3 Qxg3+ 24. Bg2 Rae8 25. Qf3 Qh4 26. Qf4 Qh5 27. Ra3 Re2
28. Qf3 Rxg2+ 29. Qxg2 Qf7 30. Rd3 Nf6 31. Rxf5 Qd7 32. Qh3 Bxd5 33. Rxf6 1-0

[Event "Cracovia 2009"]
[Site "Krakow"]
[Date "2009.12.27"]
[Round "1.9"]
[White "Warakomski, Tomasz"]
[Black "Slabek, Grzegorz"]
[Result "1-0"]
[WhiteElo "2485"]
[BlackElo "2154"]
[PlyCount "89"]
[EventDate "2009.??.??"]

1. e4 d5 2. exd5 Nf6 3. d4 Nxd5 4. Be2 e6 5. Nf3 Be7 6. c4 Nf6 7. O-O O-O 8.
Nc3 b6 9. Bf4 Bb7 10. Qc2 Nh5 11. Be3 Nd7 12. Rfd1 Nhf6 13. a3 a5 14. Ne5 Qc8
15. f4 c5 16. d5 exd5 17. cxd5 Bd6 18. Nc4 Bb8 19. a4 Re8 20. g3 h5 21. Bf2 h4
22. Bf3 Qd8 23. Qb3 Ra6 24. Re1 Rxe1+ 25. Rxe1 Nf8 26. Ne5 hxg3 27. hxg3 Bxe5
28. fxe5 N6h7 29. e6 Ng5 30. Bg2 Ng6 31. exf7+ Nxf7 32. Bxc5 bxc5 33. Qxb7 Rb6
34. Qa7 Rxb2 35. Qxc5 Nge5 36. Re2 Rb4 37. Re4 Rb3 38. d6 Nd7 39. Qc7 Qf6 40.
Qxd7 Rxc3 41. Qe8+ Kh7 42. Rh4+ Nh6 43. Be4+ g6 44. Qe7+ Qg7 45. Rxh6+ 1-0

[Event "Cracovia 2009"]
[Site "Krakow"]
[Date "2009.12.27"]
[Round "1.10"]
[White "Andrenko, Irina"]
[Black "Brodowski, Piotr"]
[Result "0-1"]
[WhiteElo "2154"]
[BlackElo "2425"]
[PlyCount "136"]
[EventDate "2009.??.??"]

1. e4 c5 2. c3 Nf6 3. e5 Nd5 4. d4 cxd4 5. Nf3 Nc6 6. cxd4 g6 7. Bc4 Nb6 8. Bb3
Bg7 9. O-O O-O 10. Bf4 d5 11. h3 a5 12. Nc3 Bf5 13. Nh4 Be6 14. Re1 Qd7 15. Na4
Nxa4 16. Bxa4 Qc7 17. Nf3 Qb6 18. a3 Bf5 19. Qb3 Qxb3 20. Bxb3 Be4 21. Rad1 a4
22. Ba2 Bxf3 23. gxf3 e6 24. Re3 Rfb8 25. Rc3 Ra6 26. Be3 Rb6 27. Rd2 Bf8 28.
Bg5 Ra8 29. Kg2 Ra5 30. Rcc2 Rab5 31. Be3 Be7 32. Re2 Kf8 33. Kf1 Ke8 34. Ke1
Kd7 35. Kd1 Na5 36. Bd2 Nb3 37. Bxb3 Rxb3 38. Be3 g5 39. Kc1 h6 40. Kd1 f6 41.
exf6 Bxf6 42. Red2 Rc6 43. Ke2 Rb5 44. Rxc6 bxc6 45. f4 gxf4 46. Bxf4 h5 47.
Be3 c5 48. Kd3 cxd4 49. Bxd4 Bxd4 50. Kxd4 Kd6 51. b4 axb3 52. Rb2 e5+ 53. Kc3
d4+ 54. Kc4 Rc5+ 55. Kb4 Rc2 56. Kxb3 Rc3+ 57. Kb4 Rxh3 58. a4 Rh1 59. Kb5 Ra1
60. a5 Kd5 61. a6 d3 62. Kb6 Kc4 63. Kb7 Kc3 64. Rb6 d2 65. Rc6+ Kd3 66. Rd6+
Ke2 67. a7 d1=Q 68. Rxd1 Kxd1 0-1

[Event "Cracovia 2009"]
[Site "Krakow"]
[Date "2009.12.27"]
[Round "1.11"]
[White "Jerez Perez, Alfonso"]
[Black "Jussupow, Ekaterina"]
[Result "1/2-1/2"]
[WhiteElo "2406"]
[BlackElo "2153"]
[PlyCount "96"]
[EventDate "2009.??.??"]

1. e4 d5 2. exd5 Qxd5 3. Nc3 Qa5 4. Bc4 Nf6 5. d3 Bg4 6. f3 Bh5 7. Bd2 c6 8.
Qe2 Qc7 9. g4 Bg6 10. f4 h5 11. f5 Bh7 12. g5 Nd5 13. Qe4 Nd7 14. Nxd5 cxd5 15.
Bxd5 Nc5 16. Qc4 e6 17. Bg2 O-O-O 18. d4 Na6 19. Qxc7+ Nxc7 20. fxe6 Rxd4 21.
exf7 Bxc2 22. Ne2 Rh4 23. Rc1 Bg6 24. O-O Bd6 25. f8=Q+ Rxf8 26. Rxf8+ Bxf8 27.
Bf4 Bd3 28. Bxc7 Rc4 29. Rxc4 Bxc4 30. Nf4 Kxc7 31. b3 Bf7 32. g6 Bg8 33. Nxh5
b5 34. Ng3 a5 35. Be4 a4 36. Bc2 axb3 37. axb3 Kd6 38. Kf2 Kc5 39. h4 Kb4 40.
Nf5 Kc3 41. Bd1 Be6 42. Bg4 Bxf5 43. Bxf5 Kxb3 44. h5 Bc5+ 45. Kf3 Bd4 46. h6
gxh6 47. g7 Bxg7 48. Kg2 Kc3 1/2-1/2

[Event "Cracovia 2009"]
[Site "Krakow"]
[Date "2009.12.27"]
[Round "1.12"]
[White "Luca, Ionel"]
[Black "Rutkowski, Maciej"]
[Result "0-1"]
[WhiteElo "2153"]
[BlackElo "2405"]
[PlyCount "74"]
[EventDate "2009.??.??"]

1. c4 e5 2. Nc3 d6 3. g3 f5 4. Bg2 Nf6 5. d3 Be7 6. Nf3 O-O 7. c5 Nc6 8. cxd6
cxd6 9. O-O Kh8 10. a3 Be6 11. d4 Bg8 12. d5 Nb8 13. e4 Nxe4 14. Nxe4 fxe4 15.
Ne1 Nd7 16. Bxe4 Nf6 17. Bg2 Rc8 18. Be3 b6 19. Qb3 Qc7 20. Rd1 Qb7 21. Nc2 e4
22. Bh3 Bxd5 23. Rxd5 Qxd5 24. Qxd5 Nxd5 25. Bxc8 Rxc8 26. Rd1 Rxc2 27. Rxd5
Rxb2 28. Rd4 Kg8 29. Rxe4 Kf7 30. Rc4 Ke6 31. Rc7 a5 32. Kg2 Bf6 33. Kf3 Kd5
34. Rc1 a4 35. Rd1+ Ke6 36. Ke4 Rb3 37. f4 d5+ 0-1

[Event "Cracovia 2009"]
[Site "Krakow"]
[Date "2009.12.27"]
[Round "1.13"]
[White "Rudolf, Michal"]
[Black "Bebchuk, Leonid"]
[Result "1/2-1/2"]
[WhiteElo "2381"]
[BlackElo "2151"]
[PlyCount "97"]
[EventDate "2009.??.??"]

1. e4 e5 2. Bc4 Nf6 3. d3 Nc6 4. Nf3 Be7 5. O-O O-O 6. Re1 d6 7. c3 a6 8. Bb3
Na5 9. Bc2 c5 10. Nbd2 Nc6 11. Nf1 Re8 12. h3 Bf8 13. Bg5 h6 14. Bh4 Be7 15.
Ne3 Nh7 16. Bxe7 Nxe7 17. d4 Ng6 18. dxc5 dxc5 19. Qxd8 Rxd8 20. Nc4 f6 21. Nb6
Rb8 22. Bb3+ Kf8 23. Rad1 Ke7 24. Nd5+ Ke8 25. Rd2 Bd7 26. Red1 Ng5 27. Nxg5
hxg5 28. Nc7+ Ke7 29. Rd5 Bc6 30. Rxd8 Rxd8 31. Rxd8 Kxd8 32. Ne6+ Ke7 33. Nxc5
Nf4 34. Bc2 Kd6 35. Nb3 Bb5 36. Nc1 a5 37. Kh2 Bf1 38. g3 Nxh3 39. f3 g4 40.
fxg4 Ng5 41. Kg1 Bb5 42. Kf2 Bd7 43. Nb3 b6 44. Nd2 Bxg4 45. Ke3 Be6 46. a3 Kc5
47. b4+ axb4 48. cxb4+ Kc6 49. a4 1/2-1/2

[Event "Cracovia 2009"]
[Site "Krakow"]
[Date "2009.12.27"]
[Round "1.14"]
[White "Bakalarz, Leszek"]
[Black "Khaetsky, Roman"]
[Result "0-1"]
[WhiteElo "2137"]
[BlackElo "2375"]
[PlyCount "86"]
[EventDate "2009.??.??"]

1. e4 Nc6 2. Nf3 d6 3. d4 Nf6 4. Nc3 Bg4 5. d5 Nb8 6. Be2 g6 7. Be3 Bg7 8. Qd2
O-O 9. h3 Bxf3 10. Bxf3 c6 11. O-O Nbd7 12. a4 a5 13. Rad1 Rc8 14. dxc6 bxc6
15. b3 Qc7 16. Be2 Nb6 17. f4 d5 18. exd5 Nbxd5 19. Bd4 Rcd8 20. Nxd5 Rxd5 21.
Bf3 Ne4 22. Qe3 Bxd4 23. Rxd4 Rxd4 24. Qxd4 Ng3 25. Re1 Nf5 26. Qc5 Qxf4 27.
Qxa5 Qd4+ 28. Kh2 Nh4 29. Qe5 Nxf3+ 30. gxf3 Qf2+ 31. Kh1 Qxf3+ 32. Kg1 Qxh3
33. a5 Rd8 34. Qh2 Qg4+ 35. Qg2 Qb4 36. Qe4 Qxa5 37. Qxe7 Rd5 38. Re3 Qd2 39.
c4 Rf5 40. Re2 Rg5+ 41. Kf1 Qd1+ 42. Kf2 Qg1+ 43. Kf3 Qg3+ 0-1

[Event "Cracovia 2009"]
[Site "Krakow"]
[Date "2009.12.27"]
[Round "1.15"]
[White "Fraczek, Daniel"]
[Black "Swiech, Przemyslaw"]
[Result "1-0"]
[WhiteElo "2371"]
[BlackElo "2134"]
[PlyCount "125"]
[EventDate "2009.??.??"]

1. Nf3 c5 2. c4 Nc6 3. d4 cxd4 4. Nxd4 Nf6 5. Nc3 g6 6. Nc2 Bg7 7. e4 d6 8. Be2
a6 9. O-O O-O 10. Bd2 Rb8 11. Rb1 Be6 12. a4 Nd7 13. f3 f5 14. exf5 Bxf5 15.
Kh1 Rc8 16. g4 Bxc2 17. Qxc2 Nd4 18. Qd1 Ne5 19. b3 e6 20. Ne4 Qc7 21. Bb4 Nf7
22. Bc3 d5 23. Bxd4 dxe4 24. Bxg7 Kxg7 25. Qd4+ Qe5 26. Qxe4 Qxe4 27. fxe4 Ne5
28. Kg2 g5 29. Rxf8 Rxf8 30. Rd1 Kf6 31. Rf1+ Ke7 32. Rxf8 Kxf8 33. Kf2 Ke7 34.
Ke3 Kd6 35. b4 a5 36. c5+ Kc7 37. b5 b6 38. cxb6+ Kxb6 39. Kd4 Nd7 40. Bc4 Nc5
41. e5 h6 42. h3 Nxa4 43. Bxe6 Kc7 44. Bb3 Nb6 45. Kc5 a4 46. Ba2 Nd7+ 47. Kd5
a3 48. e6 Nf6+ 49. Kc5 h5 50. b6+ Kc8 51. gxh5 Nxh5 52. e7 Nf6 53. Kc6 Kb8 54.
Be6 Ne8 55. Kd7 Nf6+ 56. Kd8 Kb7 57. e8=Q Nxe8 58. Kxe8 Kxb6 59. Kf7 Kc6 60.
Kg6 Kd6 61. Ba2 Ke7 62. Kxg5 Kf8 63. Kf6 1-0

[Event "Cracovia 2009"]
[Site "Krakow"]
[Date "2009.12.27"]
[Round "1.16"]
[White "Watorek, Marcin"]
[Black "Bronowicki, Mateusz"]
[Result "1/2-1/2"]
[WhiteElo "2133"]
[BlackElo "2366"]
[PlyCount "45"]
[EventDate "2009.??.??"]

1. d4 e6 2. c4 f5 3. g3 Nf6 4. Bg2 d5 5. Nh3 c6 6. O-O Bd6 7. Bf4 Be7 8. Nd2
O-O 9. Qc2 a5 10. Rad1 a4 11. a3 b5 12. c5 h6 13. f3 g5 14. Be3 Qe8 15. Bf2
Nbd7 16. Rfe1 g4 17. Nf4 Bd8 18. h3 e5 19. dxe5 Nxe5 20. hxg4 fxg4 21. e4 gxf3
22. Nxf3 Nxf3+ 23. Bxf3 1/2-1/2

[Event "Cracovia 2009"]
[Site "Krakow"]
[Date "2009.12.27"]
[Round "1.18"]
[White "Rago, Riccardo"]
[Black "Nguyen, Piotr"]
[Result "1/2-1/2"]
[WhiteElo "2105"]
[BlackElo "2353"]
[PlyCount "224"]
[EventDate "2009.??.??"]

1. e4 c5 2. Nf3 Nc6 3. d4 cxd4 4. Nxd4 g6 5. Nc3 Bg7 6. Be3 Nf6 7. Be2 O-O 8.
O-O d5 9. exd5 Nb4 10. Nb3 Nfxd5 11. Nxd5 Nxd5 12. Bd4 e5 13. Bc5 Re8 14. Bb5
Bd7 15. Bxd7 Qxd7 16. c4 Nf6 17. Qe2 e4 18. h3 Nh5 19. Rfd1 Qf5 20. Be3 Nf4 21.
Bxf4 Qxf4 22. Qd2 e3 23. fxe3 Qxc4 24. Rac1 Qe6 25. Rc7 Bh6 26. Kh1 Bxe3 27.
Qb4 Bb6 28. Rxb7 Rad8 29. Rf1 Rd3 30. Qh4 Rd7 31. Rxd7 Qxd7 32. Qc4 Qe6 33.
Qxe6 Rxe6 34. Rd1 h5 35. Nc1 Kg7 36. b4 Be3 37. a4 g5 38. Nd3 Kg6 39. g3 Bb6
40. Nc5 Re3 41. Kg2 f6 42. Rd7 a5 43. Rb7 Bxc5 44. bxc5 Re4 45. c6 Rxa4 46. c7
Rc4 47. Ra7 a4 48. Rxa4 Rxc7 49. g4 Rc2+ 50. Kg1 Rb2 51. Rc4 Ra2 52. Rb4 Ra7
53. Kg2 h4 54. Rb8 Kf7 55. Rb6 Ke7 56. Rc6 Ra2+ 57. Kg1 Rd2 58. Rc1 Re2 59. Rd1
Ke6 60. Rd8 Re4 61. Kf2 Ke5 62. Rd3 Rf4+ 63. Kg2 Ra4 64. Re3+ Kd5 65. Re2 Ra6
66. Kf3 Ra3+ 67. Kg2 Rg3+ 68. Kh2 Rc3 69. Kg2 Ra3 70. Kh2 Ra6 71. Kg2 Kd4 72.
Kf3 Ra3+ 73. Kg2 Rg3+ 74. Kh2 Re3 75. Ra2 Ke4 76. Kg2 Rg3+ 77. Kh2 Rd3 78. Rf2
Rd6 79. Kg2 Ke3 80. Rf3+ Kd4 81. Rf2 Kc3 82. Rf3+ Kc2 83. Rf5 Rd2+ 84. Kg1 Rd1+
85. Kg2 Rd6 86. Kf1 Kd3 87. Kg2 Ke4 88. Rf2 Rc6 89. Rf5 Rc2+ 90. Kg1 Rc3 91.
Kg2 Rg3+ 92. Kh2 Rf3 93. Ra5 Rf2+ 94. Kg1 Rc2 95. Rf5 Rc3 96. Kg2 Kd4 97. Rf2
Ke5 98. Re2+ Kd6 99. Kg1 Rc5 100. Kf2 f5 101. gxf5 Rxf5+ 102. Kg2 Re5 103. Rd2+
Ke6 104. Ra2 Kf5 105. Rf2+ Kg6 106. Ra2 Re3 107. Rf2 Ra3 108. Kh2 Ra6 109. Kg2
Rf6 110. Ra2 Kf5 111. Ra5+ Kf4 112. Ra4+ Ke5 1/2-1/2

[Event "Cracovia 2009"]
[Site "Krakow"]
[Date "2009.12.27"]
[Round "1.19"]
[White "Panocki, Adrian"]
[Black "Kumor, Lukasz"]
[Result "1-0"]
[WhiteElo "2353"]
[BlackElo "2104"]
[PlyCount "63"]
[EventDate "2009.??.??"]

1. e4 e6 2. d4 d5 3. Nc3 Nf6 4. e5 Nfd7 5. f4 c5 6. Nf3 Qb6 7. Na4 Qa5+ 8. c3
cxd4 9. b4 Qc7 10. Nxd4 Nc6 11. Be3 Be7 12. Bd3 O-O 13. Qh5 g6 14. Qh6 Nxd4 15.
Bxd4 a5 16. O-O axb4 17. Rf3 Re8 18. Nb6 Nxb6 19. Rh3 Bh4 20. Rxh4 Nc4 21.
Qxh7+ Kf8 22. Bxg6 b6 23. Qh8+ Ke7 24. Qf6+ Kd7 25. Bxf7 Re7 26. Bxe6+ Rxe6 27.
Rh7+ Kc6 28. Rxc7+ Kxc7 29. Qf7+ Bd7 30. f5 Nxe5 31. Qg7 Ree8 32. Bxe5+ 1-0

[Event "Cracovia 2009"]
[Site "Krakow"]
[Date "2009.12.27"]
[Round "1.20"]
[White "Sowul, Bartosz"]
[Black "Strzemiecki, Zbigniew"]
[Result "1-0"]
[WhiteElo "2101"]
[BlackElo "2333"]
[PlyCount "87"]
[EventDate "2009.??.??"]

1. e4 e6 2. d4 d5 3. Nc3 Nc6 4. Nf3 Nf6 5. exd5 exd5 6. Bb5 Bb4 7. O-O O-O 8.
Bg5 Bxc3 9. bxc3 h6 10. Bh4 Bg4 11. h3 Bxf3 12. Qxf3 g5 13. Bg3 Ne4 14. Rfe1 f5
15. Bxc6 bxc6 16. Be5 Qd7 17. Qd3 Rae8 18. f3 Nd6 19. Re2 Nc4 20. Rae1 Qf7 21.
f4 Re6 22. Qg3 Qh5 23. Qf3 g4 24. hxg4 fxg4 25. Qd3 Re7 26. g3 Nb2 27. Qa6 Qg6
28. Qa3 Rxe5 29. dxe5 Nc4 30. Qxa7 h5 31. Qxc7 h4 32. Qe7 hxg3 33. Qg5 Qxg5 34.
fxg5 Kg7 35. e6 Nd6 36. e7 Re8 37. a4 Nf7 38. a5 Nxg5 39. a6 Nf3+ 40. Kg2 Nxe1+
41. Rxe1 Kf7 42. a7 c5 43. Kxg3 c4 44. Rf1+ 1-0

[Event "Cracovia 2009"]
[Site "Krakow"]
[Date "2009.12.27"]
[Round "1.21"]
[White "Krzyzanowski, Marcin"]
[Black "Malec, Sebastian"]
[Result "1-0"]
[WhiteElo "2333"]
[BlackElo "2100"]
[PlyCount "71"]
[EventDate "2009.??.??"]

1. e4 c5 2. Nf3 d6 3. d4 cxd4 4. Nxd4 Nf6 5. Nc3 Nc6 6. Bg5 e6 7. Qd2 Qb6 8.
Nb3 a6 9. O-O-O Bd7 10. f4 O-O-O 11. Bxf6 gxf6 12. g3 h5 13. Kb1 Na5 14. Nxa5
Qxa5 15. f5 h4 16. Bh3 b5 17. fxe6 fxe6 18. Qf2 Be7 19. Ne2 Rh5 20. Nf4 hxg3
21. hxg3 Rdh8 22. Nxh5 Rxh5 23. Bg4 Rc5 24. Rh7 Qd8 25. Rdh1 f5 26. Rh8 Bf8 27.
exf5 exf5 28. c3 Qf6 29. Qd4 Re5 30. Bf3 Kd8 31. Qb6+ Ke7 32. R1h7+ Ke6 33. Rg8
Be7 34. Qb7 Re1+ 35. Kc2 Qe5 36. Rg6+ 1-0

[Event "Cracovia 2009"]
[Site "Krakow"]
[Date "2009.12.27"]
[Round "1.22"]
[White "Wandzik, Wojciech"]
[Black "Gumula, Daniel"]
[Result "1/2-1/2"]
[WhiteElo "2092"]
[BlackElo "2312"]
[PlyCount "85"]
[EventDate "2009.??.??"]

1. e4 c5 2. Nf3 Nc6 3. Bb5 d6 4. O-O Bd7 5. Re1 a6 6. Bf1 Nf6 7. c3 Bg4 8. h3
Bh5 9. d3 e6 10. Bg5 Be7 11. Nbd2 h6 12. Bh4 g5 13. Bg3 g4 14. hxg4 Bxg4 15.
Be2 Rg8 16. Nh2 h5 17. Ndf1 Bxe2 18. Qxe2 Ng4 19. Nxg4 hxg4 20. Rad1 Bf6 21.
Qe3 e5 22. Qe2 Bh4 23. Ne3 Kd7 24. Nf5 Bxg3 25. fxg3 Kc7 26. Rf1 Qg5 27. d4
Rad8 28. dxc5 dxc5 29. Qc4 Kb8 30. Qxc5 Rh8 31. Nd6 Qh5 32. b4 Rd7 33. a4 Qh6
34. b5 Nd4 35. Nc4 Ne2+ 36. Kf2 Rc7 37. Qxe5 f6 38. Qd6 Nxc3 39. Rd4 axb5 40.
Nb6 f5 41. Nd7+ Kc8 42. Nb6+ Kb8 43. Nd7+ 1/2-1/2

[Event "Cracovia 2009"]
[Site "Krakow"]
[Date "2009.12.27"]
[Round "1.23"]
[White "De Wachter, Matthias"]
[Black "Baumann, Dariusz"]
[Result "0-1"]
[WhiteElo "2291"]
[BlackElo "2085"]
[PlyCount "45"]
[EventDate "2009.??.??"]

1. Nf3 Nf6 2. c4 e6 3. g3 b6 4. Bg2 Bb7 5. O-O Be7 6. Nc3 O-O 7. Re1 d5 8. cxd5
exd5 9. d4 c5 10. Bf4 Nbd7 11. dxc5 bxc5 12. Nh4 Nb6 13. Nf5 Re8 14. a4 Qd7 15.
Nxe7+ Rxe7 16. Bg5 d4 17. Bxb7 Qxb7 18. Bxf6 gxf6 19. Nb5 a6 20. Na3 Qd5 21.
Qc2 Rae8 22. Rac1 d3 23. Qd1 0-1

[Event "Cracovia 2009"]
[Site "Krakow"]
[Date "2009.12.27"]
[Round "1.24"]
[White "Duda, Jan-Krzysztof"]
[Black "Sadzikowski, Daniel"]
[Result "1/2-1/2"]
[WhiteElo "2079"]
[BlackElo "2287"]
[PlyCount "57"]
[EventDate "2009.??.??"]

1. e4 e5 2. Nf3 Nc6 3. Bb5 Nf6 4. O-O Nxe4 5. d4 Nd6 6. Bxc6 dxc6 7. dxe5 Nf5
8. Qxd8+ Kxd8 9. Nc3 Bd7 10. Ne4 h6 11. b3 b6 12. Bb2 Kc8 13. Rad1 a5 14. Rd3
Be6 15. a4 Kb7 16. h3 c5 17. Nfd2 h5 18. Ng5 Be7 19. Nxe6 fxe6 20. Ne4 Rad8 21.
Rfd1 Kc6 22. Kf1 Rxd3 23. Rxd3 Rd8 24. Ke2 Rxd3 25. Kxd3 Nh4 26. g3 c4+ 27.
Kxc4 Nf3 28. Kd3 h4 29. Kc4 1/2-1/2

[Event "Cracovia 2009"]
[Site "Krakow"]
[Date "2009.12.27"]
[Round "1.25"]
[White "Vlcek, Stanislav"]
[Black "Pietruszewski, Marcin"]
[Result "1-0"]
[WhiteElo "2286"]
[BlackElo "2071"]
[PlyCount "71"]
[EventDate "2009.??.??"]

1. Nf3 d5 2. g3 Nf6 3. Bg2 Bg4 4. c4 c6 5. cxd5 cxd5 6. Ne5 Bf5 7. Qa4+ Nbd7 8.
Nc3 e6 9. g4 Bg6 10. h4 Bc2 11. Nxf7 Bxa4 12. Nxd8 Rxd8 13. Nxa4 Nxg4 14. Bh3
Ndf6 15. Rg1 h5 16. f3 Ne5 17. Bxe6 d4 18. b4 g6 19. Rg5 Bd6 20. Nc5 Nh7 21.
Rg2 Be7 22. Bb2 Bxh4+ 23. Kd1 Nf8 24. Bb3 b6 25. Nb7 Rb8 26. Bxd4 Rxb7 27. Bxe5
Rhh7 28. Bd5 Rbe7 29. Bd6 Rd7 30. Bc6 Be7 31. Bxe7 Kxe7 32. Bxd7 Kxd7 33. Rc1
h4 34. Rc4 Ne6 35. Rxg6 h3 36. Rg1 1-0

[Event "Cracovia 2009"]
[Site "Krakow"]
[Date "2009.12.27"]
[Round "1.26"]
[White "Czyz, Artur"]
[Black "Kaim, Piotr"]
[Result "0-1"]
[WhiteElo "2070"]
[BlackElo "2284"]
[PlyCount "60"]
[EventDate "2009.??.??"]

1. e4 c5 2. Nf3 Nc6 3. g3 g6 4. Bg2 Bg7 5. d3 e6 6. O-O Nge7 7. c3 d5 8. Bf4 e5
9. Be3 b6 10. exd5 Nxd5 11. Bg5 f6 12. Qa4 Bd7 13. Be3 Nxe3 14. fxe3 O-O 15.
Nh4 Qe8 16. Bd5+ Kh8 17. Nd2 Nb4 18. Qb3 Ba4 19. Qxa4 Qxa4 20. cxb4 Rad8 21. e4
Qc2 22. Nc4 Rxd5 23. exd5 Qxd3 24. b3 Qd4+ 25. Kg2 Qxd5+ 26. Kf2 cxb4 27. Nf3
e4 28. Ne3 Qh5 29. Nd4 f5 30. Ne6 Qf3+ 0-1

[Event "Cracovia 2009"]
[Site "Krakow"]
[Date "2009.12.27"]
[Round "1.27"]
[White "Llaneza Vega, Patricia"]
[Black "Llaneza Vega, Victor"]
[Result "1-0"]
[WhiteElo "2276"]
[BlackElo "2045"]
[PlyCount "33"]
[EventDate "2009.??.??"]

1. e4 c5 2. Nc3 Nc6 3. Nf3 d6 4. d4 cxd4 5. Nxd4 e5 6. Ndb5 a6 7. Na3 Nf6 8.
Bg5 Be6 9. Nc4 Be7 10. Bxf6 gxf6 11. Ne3 Qa5 12. Be2 O-O-O 13. O-O Nd4 14. Ncd5
Nxe2+ 15. Qxe2 Bxd5 16. Nxd5 Rde8 17. Rfd1 1-0

[Event "Cracovia 2009"]
[Site "Krakow"]
[Date "2009.12.27"]
[Round "1.28"]
[White "Staroszczyk, Mateusz"]
[Black "Gbyl, Andrzej"]
[Result "0-1"]
[WhiteElo "2044"]
[BlackElo "2270"]
[PlyCount "72"]
[EventDate "2009.??.??"]

1. e4 d5 2. exd5 Nf6 3. d4 Nxd5 4. c4 Nb6 5. Nc3 e5 6. Nf3 Bg4 7. c5 N6d7 8.
Bc4 exd4 9. Qxd4 Bxf3 10. gxf3 Nc6 11. Qd5 Qe7+ 12. Be3 Nb4 13. Qxb7 Rb8 14.
Qxc7 Nc2+ 15. Kf1 Nxe3+ 16. fxe3 Qxc5 17. Bxf7+ Kxf7 18. Qxd7+ Be7 19. Qd2 Rhd8
20. Qe2 Qb4 21. Rb1 Kg8 22. Rg1 Bf6 23. Rg4 Qa5 24. b4 Bxc3 25. Qc4+ Qd5 26.
Qxd5+ Rxd5 27. Rc4 Be5 28. f4 Bd6 29. Ke2 Re8 30. e4 Rh5 31. e5 Rxh2+ 32. Kf3
Bf8 33. a4 Ra2 34. a5 Ra4 35. Rc7 Bxb4 36. Rc4 Ra3+ 0-1

[Event "Cracovia 2009"]
[Site "Krakow"]
[Date "2009.12.27"]
[Round "1.29"]
[White "Kalvaitis, Sigitas"]
[Black "Korosciel, Aneta"]
[Result "1-0"]
[WhiteElo "2270"]
[BlackElo "2030"]
[PlyCount "83"]
[EventDate "2009.??.??"]

1. e4 e5 2. Nf3 Nf6 3. Nxe5 d6 4. Nf3 Nxe4 5. Nc3 Nxc3 6. dxc3 Be7 7. Bf4 Nc6
8. Qd2 Be6 9. Nd4 Nxd4 10. cxd4 d5 11. Bd3 Qd7 12. O-O O-O 13. Rae1 Bd6 14. Be5
f6 15. Bxd6 Qxd6 16. Qe2 Bf7 17. c3 Qd7 18. Qe7 Qc6 19. Qb4 a6 20. Re7 Rae8 21.
Rfe1 Rxe7 22. Rxe7 Re8 23. h3 Rxe7 24. Qxe7 g6 25. h4 h5 26. g3 Kg7 27. Bf1 f5
28. Kg2 Qb6 29. a4 Qc6 30. a5 Kg8 31. Kf3 Qe8 32. Qxe8+ Bxe8 33. Kf4 Kf7 34.
Ke5 Ke7 35. Kxd5 Bf7+ 36. Kc5 Kd7 37. Bg2 Kc8 38. Bd5 Be8 39. Be6+ Kd8 40. f4
c6 41. Kb6 Ke7 42. Bc8 1-0

[Event "Cracovia 2009"]
[Site "Krakow"]
[Date "2009.12.27"]
[Round "1.30"]
[White "Iwanow, Anna"]
[Black "Shilov, Sergej"]
[Result "1/2-1/2"]
[WhiteElo "2026"]
[BlackElo "2267"]
[PlyCount "66"]
[EventDate "2009.??.??"]

1. e4 g6 2. d4 Bg7 3. f4 d6 4. Nc3 Nc6 5. Nf3 Bg4 6. Be3 e5 7. fxe5 dxe5 8.
dxe5 Nxe5 9. Be2 Nc6 10. O-O Qxd1 11. Raxd1 Nge7 12. Bc5 b6 13. Ba3 Bxf3 14.
gxf3 Nd4 15. Bd3 c5 16. Nb5 O-O 17. c3 Nxb5 18. Bxb5 Rfd8 19. Bd7 a5 20. Rd3 g5
21. Rfd1 Ng6 22. Bb5 Bf6 23. Kf2 Rxd3 24. Rxd3 Rd8 25. Rxd8+ Bxd8 26. b4 cxb4
27. cxb4 Bc7 28. bxa5 bxa5 29. h3 Nf4 30. Bd7 Nd3+ 31. Ke3 Nb4 32. Bxb4 axb4
33. Kd4 Bd6 1/2-1/2